La compensación económica por divorcio o nulidad matrimonial
Guardat en:
| Autor principal: | |
|---|---|
| Altres autors: | |
| Format: | Llibre |
| Idioma: | espanyol |
| Publicat: |
Santiago, Chile.
Legal Publishing,
2009
|
| Edició: | 1ª edición |
| Matèries: | |
| Etiquetes: |
Afegir etiqueta
Sense etiquetes, Sigues el primer a etiquetar aquest registre!
|
MARC
| LEADER | 00000cam a2200000 a 4500 | ||
|---|---|---|---|
| 001 | UCH5964 | ||
| 003 | CL-VaPUC | ||
| 005 | 20250108104736.0 | ||
| 008 | 091105e20090900CL |||||||||||||||||spa|d | ||
| 999 | |c 336956 |d 336954 | ||
| 020 | |a 9789562388368 | ||
| 040 | |c Pontificia Universidad Católica de Valparaíso | ||
| 082 | 0 | 4 | |a 346.0166 PIZ 2009 |2 21 |
| 100 | 0 | |a Pizarro Wilson, Carlos |e autor |9 542345 | |
| 245 | 1 | 3 | |a La compensación económica por divorcio o nulidad matrimonial |
| 250 | |a 1ª edición | ||
| 260 | |a Santiago, Chile. |b Legal Publishing, |c 2009 | ||
| 300 | |a 157 páginas | ||
| 500 | |a C.3 Donación Sra. María Graciela Brantt - Decana. Memo 008/DER 23-11-2021 | ||
| 583 | |a last modification |c 20120119 09:08:38 |k Rodrigo Vera | ||
| 650 | 0 | |a Nulidad Derecho |2 CL-VaPUC |9 256153 | |
| 650 | 0 | |a Procedimiento civil |9 254870 | |
| 650 | 0 | |a Actos jurídicos |9 255748 | |
| 650 | 0 | |a Separación conyugal |2 CL-VaPUC |9 257481 | |
| 650 | 0 | |a Divorcio |9 256204 | |
| 650 | 0 | |a Nulidad matrimonial |2 CL-VaPUC |9 399857 | |
| 650 | 0 | |a Compensación económica |9 522559 | |
| 700 | 0 | |a Vidal Olivares, Alvaro |e autor |9 542346 | |
| 942 | |c BK |2 ddc | ||
| 945 | |d 20091105 00:00:00 |a dcastane | ||
| 952 | |0 0 |1 0 |4 0 |6 346_016600000000000_PIZ_2009 |7 0 |8 A |9 429034 |a BIBDER |b BIBDER |d 2019-11-22 |i 4616251 |o 346.0166 PIZ 2009 |p 4616251 |r 2023-01-25 |w 2019-11-22 |y BK |k DER | ||
| 952 | |0 0 |1 0 |4 0 |6 346_016600000000000_PIZ_2009 |7 0 |8 A |9 429035 |a BIBDER |b BIBDER |d 2019-11-22 |i 4795431 |o 346.0166 PIZ 2009 |p 4795431 |r 2023-01-25 |w 2019-11-22 |y BK |k DER | ||
| 952 | |0 0 |1 0 |2 ddc |4 0 |6 346_016600000000000_PIZ_2009 |7 0 |8 A |9 579470 |a BIBDER |b BIBDER |d 2021-12-06 |e Donación |i 5628083 |o 346.0166 PIZ 2009 |p 5628083 |r 2023-01-25 |t 3 |w 2021-12-06 |y BK |k DER | ||